All the teams Ronaldo has scored 10 goals or more against. - Statistics

General Stats
  • This quiz has been taken 45 times
  • The average score is 7 of 19
Answer Stats
Answer % Correct
Barcelona
93%
Atletico
85%
Sevilla
63%
Juve
61%
Valencia
54%
Getafe
39%
Real Sociedad
37%
Malaga
32%
Athletic
29%
Celta
29%
Depor
27%
Roma
27%
Tottenham
24%
Villareal
24%
Espanyol
20%
Osasuna
20%
Rayo
17%
Granada
15%
Levante
7%
No matching quizzes found
Score Distribution
Percent of People with Each Score
Percentile by Number Answered
Your Score History
You have not taken this quiz